Statistiques concernant Top 50 Streamers FR

Cliquez ici pour prendre le quiz!

Statistiques générales

  • Ce quiz a été pris 1 321 fois
    (1 047 depuis la dernière actualisation)
  • Le résultat moyen est 12 sur 50

Statistiques - réponses

RangStreamersVues% Correct
8Squeezie66,7M
95%
1Gotaga185M
90%
6Kamet0108M
68%
23Doigby31,7M
65%
9Locklear64,7M
63%
2ZeratoR156M
62%
4Domingo121M
58%
31Maghla25,8M
52%
14AntoineDaniel37;3M
47%
10Ponce60,7M
46%
35Joueur_du_Grenier22,4M
45%
11JLTomy50,3M
42%
12Étoiles44,5M
39%
7Mistermv86,1M
37%
5Sardoche120M
36%
27LeBouseuh29,7M
34%
24Mickalow31,3M
28%
32WankilStudio25,5M
26%
30LittleBigWhale27,1M
23%
37Xari20,5M
23%
26JeelTV30,1M
22%
50Ultia15,6M
21%
48JLAmaru15,9M
20%
16Moman37,0M
17%
25Chowh130,4M
14%
3LeStream144M
14%
29Skyyart27,3M
14%
45Bichouu_17,9M
13%
44Kaydop18,0M
12%
13AlphaCast40,9M
11%
15Tonton37,2M
11%
17BruceGrannec35,0M
7%
28SkyrrozTV28,5M
6%
20MasterSnakou33,8M
5%
38Rhobalas_LoL19,8M
4%
22Shaunz32,1M
4%
40Gius19,0M
3%
34MrBboy4522,6M
3%
18Aiekillu34,8M
2%
41Corobizar19,0M
2%
47DrFeelgood16,7M
2%
19Lapi34,0M
2%
49Alexclic15,9M
1%
42CaMaK18,7M
1%
33FantaBobShow23,7M
1%
21GoBGG33,4M
1%
39BibixHD19,5M
0%
36BOBLEGOB20,8M
0%
46HeyarTV17,2M
0%
43Krayn_Live18,1M
0%

Distribution des résultats

Percentile par nombre de réponses

% des personnes avec chaque résultat

Votre développement - résultats

Vous n’avez pas pris ce quiz depuis la dernière actualisation